|
|
|
|
| LEADER |
01015nam a2200313 a 4500 |
| 001 |
000007551 |
| 003 |
CZ BrMZK |
| 005 |
20231204062959.0 |
| 007 |
ta |
| 008 |
931201s1993 xr f cze d |
| 015 |
|
|
|a cnb000096336
|
| 020 |
|
|
|a 80-7049-057-8
|c 174.00
|
| 040 |
|
|
|a BOA001
|b cze
|
| 080 |
|
|
|a 504.06(094)
|2 MRF
|
| 080 |
|
|
|a 349.6
|2 MRF
|
| 100 |
1 |
|
|a Tichotová, Přibyslava
|7 ola2003191799
|
| 245 |
1 |
0 |
|a Nové právní předpisy v ochraně životního prostředí
|
| 250 |
|
|
|a 2. dopl. vyd.
|
| 260 |
|
|
|a Praha :
|b SEVT,
|c 1993
|
| 300 |
|
|
|a 607 s. :
|b tab.
|
| 653 |
0 |
|
|a životní prostředí
|
| 910 |
|
|
|a BOA001
|b 2-0994.393
|b PK-0120.022
|
| 920 |
|
|
|a 000184258
|
| 962 |
|
|
|a 504
|
| 964 |
|
|
|a Prostředí životní - ochrana - předpisy právní
|
| 990 |
|
|
|a BK
|
| 991 |
|
|
|b 202312
|
| 996 |
7 |
|
|b 2610003655
|c 2-0994.393
|l MZK
|r Sklad / do 1 hodiny
|n 8
|p kup
|w 000007551
|u 000010
|a 1
|e BOA001
|j MZK50
|s A
|
| 996 |
7 |
|
|b 3119940506
|c PK-0120.022
|l MZK
|r Sklad / do 1 hodiny
|n 2
|w 000007551
|u 000020
|a 1
|e BOA001
|j MZK50
|s A
|